00310nam a2200097Ia 4500008004100000245005200041245003800093260000900131650002000140856005200160171211s9999 xx 000 0 und d aHTML, XHTML, and CSS: Introductory, 6th edition cDenise M Woods and Gary B. Shelly c2010 xWeb Development uhttp://down.ebook777.com/014/978-0538747462.pdf